书目信息 |
| 题名: |
最佳店堂
|
|
| 作者: | ;深圳市金版文化发展公司 主编 | |
| 分册: | 04 专卖店 | |
| 出版信息: | 海口 南海出版公司 2006 |
|
| 页数: | 144页 | |
| 开本: | 17×17cm | |
| 丛书名: | ||
| 单 册: | ||
| 中图分类: | TU247-64 , TU247.2-64 | |
| 科图分类: | ||
| 主题词: | 商店--建筑设计--中国--图集 , 服务建筑--建筑设计--中国--图集 , 商店 , 建筑设计 , 专卖--商店--建筑设计--图集 , 专卖 , 服务建筑 | |
| 电子资源: | ||
| ISBN: | 7-5442-2938-6 | |
| 000 | 01075nam0 2200313 450 | |
| 001 | 003203976 | |
| 005 | 20070805171158.31 | |
| 010 | @a7-5442-2938-6@b精装@dCNY19.80 | |
| 100 | @a20060104d2006 em y0chiy0110 ea | |
| 101 | 0 | @achi |
| 102 | @aCN@b460000 | |
| 105 | @aa z 000yy | |
| 200 | 1 | @a最佳店堂@9zui jia dian tang@h04@i专卖店@dBest storefront@iMonopolization shop@f深圳市金版文化发展有限公司主编@zeng |
| 210 | @a海口@c南海出版公司@d2006 | |
| 215 | @a144页@c图@d17×17cm | |
| 330 | @a本书内容包括:专卖店的筹建工作、专卖店的空间布置、专卖店的装修与装饰、专卖店的实例赏析等。 | |
| 510 | 1 | @aBest storefront@iMonopolization shop@zeng |
| 606 | 0 | @a商店@x建筑设计@y中国@j图集 |
| 606 | 0 | @a服务建筑@x建筑设计@y中国@j图集 |
| 606 | 0 | @a商店 |
| 606 | 0 | @a建筑设计 |
| 606 | 0 | @a专卖@a商店@x建筑设计@j图集 |
| 606 | 0 | @a专卖 |
| 606 | 0 | @a服务建筑 |
| 690 | @aTU247-64@v4 | |
| 690 | @aTU247.2-64@v4 | |
| 711 | 02 | @a深圳市金版文化发展公司@9shen zhen shi jin ban wen hua fa zhan gong si@4主编 |
| 801 | 0 | @aCN@bNLC@c20070805 |
| 905 | @a10447@dTU247-64@e417:4 | |
| 最佳店堂.04.专卖店=Best storefront.Monopolization shop/深圳市金版文化发展有限公司主编.-海口:南海出版公司,2006 |
| 144页:图;17×17cm |
| ISBN 7-5442-2938-6(精装):CNY19.80 |
| 本书内容包括:专卖店的筹建工作、专卖店的空间布置、专卖店的装修与装饰、专卖店的实例赏析等。 |
| ● |
| 相关链接 |
|
|
|
|
正题名:最佳店堂
索取号:TU247-64/417:4
 
预约/预借
| 序号 | 登录号 | 条形码 | 馆藏地/架位号 | 状态 | 备注 |
| 1 | 0808706 | 208087069 | 第二样本阅览室/ [索取号:TU247-64/417:4] | 在馆 | |
| 2 | 0808707 | 208087078 | 第三借阅区/ [索取号:TU247-64/417:4] | 在馆 | |
| 3 | 0808708 | 208087087 | 第三借阅区/ [索取号:TU247-64/417:4] | 在馆 | |
| 4 | 0808709 | 208087096 | 第三借阅区/ [索取号:TU247-64/417:4] | 在馆 | |
| 5 | 0808710 | 208087103 | 第三借阅区/ [索取号:TU247-64/417:4] | 在馆 | |
| 6 | 0808711 | 208087112 | 第三借阅区/ [索取号:TU247-64/417:4] | 在馆 | |
| 7 | 0808712 | 208087121 | 第三借阅区/ [索取号:TU247-64/417:4] | 在馆 | |
| 8 | 0808713 | 208087130 | 第三借阅区/ [索取号:TU247-64/417:4] | 在馆 |